00418nam a2200145Ia 4500003000400000005001700004008004000021040000700061041000800068082001300076100002400089245010500113260004600218300000800264OSt20240607152700.0210210b1935 xxu||||| |||| 00| 0 eng d cAL aeng a540 HODH aHODGMAN (Charles D) aHandbook of chemistry and physics Part I Ed 25bA ready reference book of chemical and physical data aUSAbChemical rubber publishing co.c1935 a496